| 000 | 01336cam a2200229 4500 | ||
|---|---|---|---|
| 001 | ABS63982 | ||
| 008 | 000000n2001 000 0 eng u | ||
| 035 | _a(Sirsi) u112955 | ||
| 100 | _aMcConnell, T | ||
| 245 | _aJudgments made to measure | ||
| 260 | _c2001 | ||
| 490 |
_aProperty Week _v66(21) 25 May 2001, 80-81(2) |
||
| 520 | _aReports on the Adjudication Panel (APT), a new system of adjudication launched on 2 April 2001 which forms an association of lawyers, barristers, judges and specialists. The APT claims to offer a faster, quicker and more straightfoward method of dispute resolution; contractually binding decisions can be made in seven days and APT is not affected by inflexible, time consuming legislation. Although the concept of APT is not entirely original and APT has only received a few enquiries, APT does offer another choice for resolving commercial property disputes. | ||
| 590 | _aABS | ||
| 650 | _aMANAGEMENT-DISPUTE AVOIDANCE, MANAGEMENT AND RESOLUTION-DISPUTE MANAGEMENT AND RESOLUTION-ALTERNATIVE DISPUTE RESOLUTION-ADJUDICATION | ||
| 650 | _aMANAGEMENT-DISPUTE AVOIDANCE, MANAGEMENT AND RESOLUTION-DISPUTE MANAGEMENT AND RESOLUTION-ARBITRATION | ||
| 650 | _aINDEPENDENT EXPERTS | ||
| 650 | _aMEDIATION | ||
| 650 | _aADJUDICATION PANEL | ||
| 690 |
_aDispute resolution _96236 |
||
| 942 | _n0 | ||
| 999 |
_c67242 _d67242 |
||